| 000 | 01224nam a2200337 a 4500 | ||
|---|---|---|---|
| 003 | AR-BaBNM | ||
| 005 | 20251128205134.0 | ||
| 008 | 082120s2002 ||||||||||||||000 | spa|| | ||
| 040 | _cAR-BaBNM | ||
| 245 | 0 | 0 |
_aBienvenidos a la literatura _bsiete propuestas de acercamiento |
| 250 | _a1ª ed. | ||
| 260 |
_aMadrid _bNarcea _bMinisterio de Educación y Ciencia _c1993 |
||
| 300 |
_ap. irreg. _bdiagr., tablas |
||
| 490 | 0 | _aMateriales 12-16 para Educación Secundaria | |
| 500 | _aEsta carpeta contiene dos libros: Bienvenidos a la literatura: siete propuestas de acercamiento / 1 Guía introductoria | ||
| 500 | _aBienvenidos a la literatura: siete propuestas de acercamiento / 2 Siete propuestas didácticas | ||
| 504 | _aBibliografía: p. 161-162 | ||
| 650 | 4 | _aENSEÑANZA DE LA EXPRESION ORAL | |
| 650 | 4 | _aPOESIA | |
| 653 | _aENSENANZA DE LA LENGUA | ||
| 653 | _aENSEÑANZA DE LA LITERATURA | ||
| 653 | _aEDUCACION GENERAL BASICA | ||
| 653 | _aEDUCACION POLIMODAL | ||
| 653 | _aEDUCACION SECUNDARIA | ||
| 700 | 1 | _aHernández Sánchez, Teresa | |
| 700 | 1 | _aMoure Lema, Concepción | |
| 700 | 1 | _aRobleda Castro, Soledad | |
| 700 | 1 | _aSanz Lobo, María Dolores | |
| 942 | _cBK | ||
| 998 | _cSILVI | ||
| 999 |
_c10151 _d10151 |
||